00527nam a2200193 a 4500001001300000003000900013005001700022008004100039020002300080082001900103100002000122245003100142260005200173300001100225500003500236505002000271650002200291700002000313nice12345678IN_TiNIC20260116014940.0080116s1983 bera grp 000 0 eng  a0520043278 c10000a297.12203bKAS aKassis, Hanna E aA Concordance of the Quran aBerkeleybUniversity of California Press c1983 a14444p aincludes index and biblioraphy2 aAppendix, Index aQuran-Concordence1 aKassis, Hanna E